| 000 | 01103cam a2200313 a 4500 | ||
|---|---|---|---|
| 001 | 2542748 | ||
| 003 | OSt | ||
| 005 | 20170105101213.0 | ||
| 008 | 940810s1995 enka b 001 0 eng | ||
| 010 | _a 94032261 | ||
| 020 | _a1858980100 (set) | ||
| 020 | _a1858980100 | ||
| 040 |
_aDLC _cDLC _dDLC |
||
| 043 | _ae-uk--- | ||
| 050 | 0 | 0 |
_aHB103.C57 _bL44 1995 |
| 082 | 0 | 0 |
_a330/.092 _220 |
| 245 | 0 | 4 |
_aThe legacy of Ronald Coase in economic analysis / _cedited by Steven G. Medema. |
| 260 |
_aAldershot, England ; _aBrookfield, Vt. : _bE. Elgar, _cc1995. |
||
| 300 |
_a2 v. : _bill. ; _c26 cm. |
||
| 440 | 0 |
_aIntellectual legacies in modern economics ; _v1 |
|
| 440 | 3 | _aAn Elgar reference collection | |
| 504 | _aIncludes bibliographical references and indexes. | ||
| 600 | 1 | 0 |
_aCoase, R. H. _q(Ronald Harry) |
| 650 | 0 |
_aEconomics _zGreat Britain _xHistory _y20th century. |
|
| 700 | 1 | _aMedema, Steven G. | |
| 906 |
_a7 _bcbc _corignew _d1 _eocip _f19 _gy-gencatlg |
||
| 942 |
_2ddc _cBK |
||
| 999 |
_c3287 _d3287 |
||